| 000 | 01301nam a2200253Ia 4500 | ||
|---|---|---|---|
| 008 | 0000002003 pr ad 0000000000spa00 | ||
| 090 | _aPPR00 L83l | ||
| 245 | 1 | 0 |
_aLuis Marti _b: mitos de la memoria _c/ director Andrés M. Marrero ; diseño y fotografía Amir Señeriz |
| 300 |
_a1 plegable [6] p. _c/ 28 cm. |
||
| 500 | _aExposición realizada en Galería Prinardi, Puerto Rico, 2003 \ Incluye cronología del artista \ Proyecto Ganador Programa Apoyos Concertados FGAA 2010 | ||
| 501 | _aEl ecologismo apocalíptico como temática e ideología en la pintura de Luis Marti / Abil Peralta Aguero | ||
| 505 | _aOBRAS : Esto no es placton Bruguena ancestral Tres etapas en la muerte de un bosque La conducta de los pájaros Autorretrato como un bosque Preparando la cena | ||
| 600 | 0 | 0 |
_aMARTI, LUIS, 1974/ _xEXPOSICIONES/ _xCATALOGOS |
| 650 | 1 | 4 | _aARTE CONTEMPORANEO PUERTORRIQUEÑO |
| 650 | 1 | 4 | _aARTISTAS PLASTICOS PUERTORRIQUEÑOS |
| 650 | 1 | 4 | _xCATALOGOS |
| 650 | 1 | 4 | _xEXPOSICIONES |
| 650 | 1 | 4 | _aPINTORES PUERTORRIQUEÑOS |
| 650 | 1 | 4 | _aPINTURA AL OLEO |
| 650 | 1 | 4 | _aPINTURA PUERTORRIQUEÑA |
| 650 | 1 | 4 | _aPINTURA SOBRE TELA |
| 700 | 1 | _aMarrero, Andrés M. \ Señeriz, Amir \ Peralta Aguero, Abil | |
| 999 |
_c12056 _d12056 |
||
| 260 |
_aSan Juan (Puerto Rico) : Galería Prinardi _c2003 |
||